000 00638nam a2200181 a 4500
001 000022878
005 20200930021843.0
008 101122s1986 mx r 000 0 spa d
040 _aDO-SdBNP
_bspa
_cBNPHU
082 _axxxx
_bM875d
100 1 _aMorris, Richard B.,
_d1904-1989
_947020
245 1 0 _aDocumentos fundamentales de la historia de los Estados Unidos de América / Richard B. Morris ; traducción Antonio Guzmán Balboa.
260 _aMéxico, D. F. ; :
_bLimusa,
_c1986.
300 _a317 p. ;
_c20 cm.
500 _aIncluye notas al pie de las páginas.
700 1 _aGuzmán Balboa, Antonio,
_etr.
_947021
049 _aBNGR
999 _c22375
_d22375